000 03216nam a2200241 a 4500
005 20140314102115.0
008 140314b2003 ck ||||| |||| 00| 0 spa d
041 _aspa
044 _ack
090 _aLB
_b03881
100 _aChaves Villegas, Marta Cecilia
_921611
245 _aRiqueza y composición de especies de la comunidad de hormigas del suelo (Hymenoptera: Formicidade) en un gradiente espacial bosque -borde-matriz de pastizal
260 _aSantiago de Cali
_bUniversidad del Valle
_c2003
300 _a66 p.
520 _aaire. No se detectó un efecto borde sino de matriz. La riqueza de especies fue mayor en el boque, que en el pastizal. Se encontró que el pastizal mantiene una comunidad de hormigas diferente a la del bosque, en su mayoría especies generalistas. Mientras que en el bosque la mayoría de especies fueron especialistas de algún recurso. Estos resultados podrían estar reflejando una baja permeabilidad del borde, y/o una alta aversión de las especies por uno u otro tipo de habitat. Se propone mantener un sotobosque denso en el borde para que funcione como amortiguador, y permita que el interior del bosque alcance un balance entre exposición y regeneración, reteniendo así sus características del bosque mas conservado. Las áreas de transición entre dos ecosistemas adyacentes, son importantes componentes de los paisajes fragmentados, ya que juegan roles fundamentales en las dinámicas de estos ecosistemas. Se estudió la variación en la riqueza y composición de especies de la comunidad de hormigas del suelo en un gradiente espacial bosque-borde-matriz de pastizal, en la Reserva Forestal Natural y de Investigación Bremen- La Popa. Localizada en el municipio de Filandia (Quindío). Se trazaron 16 transectos de 50m ubicados de forma perpendicular al borde, ocho desde el pastizal y ocho desde el bosque, con estaciones cada 10m. Se hicieron 12 transectos análogos pero de forma paralela al borde, cuatro ubicados a 200 m de él y ocho a más de 500m, tanto dentro del bosque como en la matriz de pastizal, los cuales fueron usados como indicadores de los habitats por separado. Se muestrearon las hormigas del suelo con sacos mini-Winkler y trampas Pitfall, y se tomaron datos abióticos de la temperatura y humedad del suelo y el aire. No se detectó un efecto borde sino de matriz. La riqueza de especies fue mayor en el boque, que en el pastizal. Se encontró que el pastizal mantiene una comunidad de hormigas diferente a la del bosque, en su mayoría especies generalistas. Mientras que en el bosque la mayoría de especies fueron especialistas de algún recurso. Estos resultados podrían reflejar una baja permeabilidad del borde, y/o una alta aversión de las especies por uno u otro tipo de habitat. Se propone mantener un sotobosque denso en el borde para que funcione como amortiguador, y permita que el interior del bosque alcance un balance entre exposición y regeneración, reteniendo así sus características del bosque mas conservado
650 _aRiqueza
_910348
650 _aComposición
_92531
650 _aEspecies
_921612
650 _aHormigas
_921613
650 _aBosque
_92559
942 _cImpreso
_2z
945 _d2004-10-13
999 _c4202
_d4202